000 00694nam a2200265Ia 4500
005 20260302115329.0
008 008 260114s9999 xx 000 0 eng d
020 _a9798400630149
037 _aTextbook
040 _aCRL
040 _beng
040 _cCRL
041 _2eng
041 _aeng
084 _qCRL
100 _aAvrom Fleishman
_91121329
245 4 _aThe Condition of English Literary Studies in a Changing Culture
260 _bBloomsbury
260 _bPraeger
260 _c1998
650 _aLiterary Studies
856 _uhttps://doi.org/10.5040/9798400630149?locatt=label:secondary_bloomsburyCollections
942 _cEBOOK
999 _c1685814
_d1685814